000 00347 a2200157 4500
001 154031
040 _cEscola São Tomás de Aquino
100 _aSTRECK, Danilo R.
240 1 0 _aCorrentes Pedagógicas
_lpor
245 1 0 _aCorrentes Pedagógicas
300 _a167
362 0 _a2005
440 1 _aVozes
697 _aEducação
942 _cBK
999 _c154031
_d154031